|
|
|
|
| LEADER |
00000nab a2200000 a 4500 |
| 001 |
vtls000927951 |
| 003 |
SK-MaSNL |
| 005 |
20260303210729.0 |
| 008 |
040720e20010704xo 0 slo |
| 035 |
|
|
|a KE36828
|
| 040 |
|
|
|a KEVKJB
|b slo
|c KEVKJB
|e AACR2
|
| 041 |
0 |
|
|a slo
|
| 044 |
|
|
|a xo
|c SK
|
| 080 |
|
|
|a 379.8-053.6
|2 1981
|
| 100 |
0 |
|
|a (ado)
|4 aut
|9 1024447
|
| 245 |
1 |
0 |
|a Mladí a voľný čas
|
| 611 |
1 |
7 |
|a Sun 2001, Kysak-Brezie
|2 KEVKJB
|9 1242859
|
| 650 |
0 |
7 |
|a voľný čas
|2 KEVKJB
|9 3355
|
| 650 |
0 |
7 |
|a mládež
|2 KEVKJB
|9 1575
|
| 650 |
0 |
7 |
|a využívanie
|2 KEVKJB
|9 458995
|
| 650 |
0 |
7 |
|a stretnutia medzinárodné
|2 KEVKJB
|9 877481
|
| 650 |
0 |
7 |
|a informácie
|2 KEVKJB
|9 1285
|
| 651 |
|
7 |
|a KS,
|2 KEVKJB
|9 880381
|
| 651 |
|
7 |
|a Kysak (Slovensko)
|2 KEVKJB
|9 29831
|
| 655 |
|
7 |
|a periodikum
|2 snkbucl
|9 29553
|
| 773 |
0 |
8 |
|t Prešovský večerník
|g Roč. 12
|g Roč. 28, č.2764, 4.7.2001, s. 3
|
| 852 |
|
|
|a ZVYKNI
|b KIS3GCP
|
| 999 |
|
|
|c 2201415
|d 2203345
|